| 000 | 00722nam a22002417a 4500 | ||
|---|---|---|---|
| 005 | 20170124105951.0 | ||
| 010 | _a798641 | ||
| 020 | _c00.00 | ||
| 035 | _a798641 | ||
| 037 | _bCen Lib/Ret | ||
| 040 |
_aDPL _bEN |
||
| 082 |
_a338.9 _bCHE |
||
| 100 |
_aChenery,Hollis _913590 |
||
| 245 |
_aPatterns of development 1950-1970 / _cby Hollis Chenery [and] Moises Syrquin |
||
| 260 |
_aLondon _bOxford university press _c1975 |
||
| 270 |
_aLondon _bLondon |
||
| 300 |
_axvi,234p. _c22cm(Hb) |
||
| 500 | _aIncludes bibliographical reference and index | ||
| 650 |
_aEconomic development _91481 |
||
| 650 |
_aEconomic history _96496 |
||
| 700 |
_aSyrquin,Moises _913591 |
||
| 942 |
_2ddc _cEN _h338.9 _mCHE |
||
| 999 |
_c125278 _d125278 |
||